NBA 2018-19 December Players 10 Assists Games - Statistics

General Stats
  • This quiz has been taken 25 times
  • The average score is 29 of 42
Answer Stats
Player Team # % Correct
James Harden Rockets 5
100%
Ben Simmons 76ers 4
95%
Lonzo Ball Lakers 3
95%
Russell Westbrook Thunder 8
95%
Chris Paul Rockets 3
91%
John Wall Wizards 5
91%
Kyle Lowry Raptors 3
91%
Kyrie Irving Celtics 3
91%
LeBron James Lakers 4
91%
Luka Doncic Mavericks 2
91%
Nikola Jokic Nuggets 3
91%
Jeff Teague Timberwolves 4
86%
Jrue Holiday Pelicans 5
86%
Kevin Durant Warriors 1
86%
Damian Lillard Trail Blazers 1
82%
Devin Booker Suns 2
82%
Draymond Green Warriors 1
82%
Giannis Antetokounmpo Bucks 1
82%
Ricky Rubio Jazz 2
82%
Trae Young Hawks 4
82%
De'Aaron Fox Kings 4
77%
Jamal Murray Nuggets 1
77%
Mike Conley Grizzlies 1
77%
Bradley Beal Wizards 1
73%
Goran Dragic Heat 1
73%
Kemba Walker Hornets 1
73%
D'Angelo Russell Nets 2
68%
Rajon Rondo Lakers 1
68%
Derrick Rose Timberwolves 1
64%
Blake Griffin Pistons 1
59%
Darren Collison Pacers 3
59%
DeMar DeRozan Spurs 1
55%
Marc Gasol Grizzlies 1
55%
J.J. Barea Mavericks 1
50%
Spencer Dinwiddie Nets 1
50%
Dwyane Wade Heat 1
45%
Patrick Beverley Clippers 1
36%
Fred VanVleet Raptors 1
32%
Tyus Jones Timberwolves 2
23%
Jamal Crawford Suns 1
14%
Dante Exum Jazz 1
9%
Tim Frazier Pelicans 1
5%
No matching quizzes found
Score Distribution
Percent of People with Each Score
Percentile by Number Answered
Your Score History
You have not taken this quiz